Αρχή σοφίας : διηγήματα
Αποθηκεύτηκε σε:
| Κύριος συγγραφέας: | |
|---|---|
| Μορφή: | Βιβλίο |
| Γλώσσα: | Greek |
| Δημοσίευση: |
Αθήνα :
Θεμέλιο,
1979
|
| Θέματα: | |
| Ετικέτες: |
Προσθήκη ετικέτας
Δεν υπάρχουν, Καταχωρήστε ετικέτα πρώτοι!
|
MARC
| LEADER | 00000nam a2200000 i 4500 | ||
|---|---|---|---|
| 001 | 1/42417 | ||
| 008 | 971211s1979 gre d | ||
| 035 | |a 1997 |c ΔΩΡΕΑ |l 10041761 | ||
| 040 | |a GR-MY-UA |b gre |e aacr | ||
| 041 | 0 | |a gre | |
| 082 | 0 | |a 889.3 | |
| 100 | 1 | |a Σεβαστάκης, Αλέξης Δ., |d 1925-1999. | |
| 245 | 1 | 0 | |a Αρχή σοφίας : |b διηγήματα / |c Αλέξης Σεβαστάκης |
| 260 | |a Αθήνα : |b Θεμέλιο, |c 1979 | ||
| 300 | |a 178 σ.; |c 21 cm. | ||
| 650 | 0 | 0 | |a Greek fiction. |
| 852 | |a INST |b SAMOS |e 19971211 |h 889.3 ΣΕΒ |p 005300011985 |q 005300011985 |t BK |y 0 | ||
| 901 | |a BIBL-1997-2 | ||
| 909 | |a Σ |b 051143 | ||